Atlantic tropical cyclone names - Statistics

General Stats
  • This quiz has been taken 37 times
  • The average score is 50 of 126
Answer Stats
Name % Correct
Jose
88%
Irma
79%
Harvey
75%
Don
71%
Alex
63%
Chris
58%
Katia
58%
William
58%
Alberto
54%
Emily
54%
Maria
54%
Michael
54%
Arthur
50%
Bertha
50%
Fred
50%
Hanna
50%
Laura
50%
Nate
50%
Peter
50%
Sean
50%
Tammy
50%
Ana
46%
Beryl
46%
Danielle
46%
Lee
46%
Marco
46%
Melissa
46%
Ophelia
46%
Oscar
46%
Philippe
46%
Vince
46%
Arlene
42%
Barry
42%
Bonnie
42%
Bret
42%
Cindy
42%
Colin
42%
Cristobal
42%
Edouard
42%
Ernesto
42%
Franklin
42%
Gert
42%
Grace
42%
Josephine
42%
Karen
42%
Kyle
42%
Larry
42%
Nana
42%
Olga
42%
Omar
42%
Pablo
42%
Rina
42%
Sara
42%
Teddy
42%
Van
42%
Wendy
42%
Whitney
42%
Andrea
38%
Bill
38%
Chantal
38%
Danny
38%
Debby
38%
Dolly
38%
Dorian
38%
Fay
38%
Fernand
38%
Fiona
38%
Florence
38%
Gaston
38%
Gonzalo
38%
Gordon
38%
Helene
38%
Ian
38%
Ida
38%
Isaias
38%
Karl
38%
Kate
38%
Lisa
38%
Nadine
38%
Nicholas
38%
Paulette
38%
Rene
38%
Sally
38%
Tony
38%
Vicky
38%
Victor
38%
Wanda
38%
Wilfred
38%
Claudette
33%
Earl
33%
Elsa
33%
Erin
33%
Gabrielle
33%
Henri
33%
Hermine
33%
Humberto
33%
Isaac
33%
Jerry
33%
Kirk
33%
Leslie
33%
Lorenzo
33%
Nestor
33%
Nicole
33%
Paula
33%
Richard
33%
Sam
33%
Joyce
29%
Julia
29%
Martin
29%
Mindy
29%
Odette
29%
Rafael
29%
Rebekah
29%
Teresa
29%
Tobias
29%
Walter
29%
Imelda
25%
Patty
25%
Rose
25%
Sebastien
25%
Tanya
25%
Julian
21%
Owen
21%
Shary
21%
Valerie
21%
Virginie
17%
No matching quizzes found
Score Distribution
Percent of People with Each Score
Percentile by Number Answered
Your Score History
You have not taken this quiz